Municipalities of Ningxia Hui Autonomous Region - Statistics

General Stats
  • This quiz has been taken 91 times
  • The average score is 3 of 5
Answers on the Map
Answers color-coded by a green-red scale on the quiz's map according to % correct below.
 
Answer Stats
Answer % Correct
Yinchuan 银川
84%
Wuzhong 吴忠
64%
Zhongwei 中卫
64%
Guyuan 固原
56%
Shizuishan 石嘴山
40%
No matching quizzes found
Score Distribution
Percent of People with Each Score
Percentile by Number Answered
Your Score History
You have not taken this quiz